00546nam a2200181 a 4500020001800000082001300018100001600031245003900047260003800086300000900124500003500133505003700168650002300205700001600228942000700244952009600251999001700347 a0853640 00a261bDRA aDrane, John aCultural Change and Biblical Faith aCarlislebPaternoster Pressc2000 a182p aincludes index and biblioraphy2 aAppendix, Glossary, Bibliography aChristian-Theology1 aDrane, John cBK 00104070aHMIbHMId2007-06-22g680.00l0o261 DRAp11001642r2007-06-22w2026-01-16yBK c17884d17884